Normal view
MARC view
- CC227 SUO Ashan
Entry Personal Name
001 - CONTROL NUMBER
- control field: 47893
003 - CONTROL NUMBER IDENTIFIER
- control field: NUST
005 - DATE AND TIME OF LATEST TRANSACTION
- control field: 20210314133926.0
008 - FIXED-LENGTH DATA ELEMENTS
- fixed length control field: 210314|| aca||aabn | a|a d
040 ## - CATALOGING SOURCE
- Original cataloging agency: NUST
- Transcribing agency: NUST
100 ## - HEADING--PERSONAL NAME
- Personal name: CC227 SUO Ashan
670 ## - SOURCE DATA FOUND
- Source citation: Work cat.: (NUST): CC227 SUO Ashan, Air Conditioning of MCE Library , 23.4.2000
